| 000 | 00425nam a2200181Ia 4500 | ||
|---|---|---|---|
| 005 | 20250423095519.0 | ||
| 008 | 250422s9999 xx 000 0 und d | ||
| 020 | _a0-471-12808-2 | ||
| 050 | _aHF 5686.I56 .G73/ | ||
| 100 | _aSidney J. Gray | ||
| 245 | 0 | _aGlobal accounting and control | |
| 260 | _aNew York | ||
| 260 | _bJohn Wiley & Sons | ||
| 260 | _c2001 | ||
| 300 | _a224 p | ||
| 650 | _aCommerce | ||
| 942 | _cBK | ||
| 999 |
_c30504 _d30504 |
||